|
|
|
|
| LEADER |
02668nam a22003733i 4500 |
| 001 |
EBC5607691 |
| 003 |
MiAaPQ |
| 005 |
20240729202202.0 |
| 006 |
m o d | |
| 007 |
cr cnu|||||||| |
| 008 |
240729s2018 xx o ||||0 eng d |
| 020 |
|
|
|a 9789176853054
|q (electronic bk.)
|
| 035 |
|
|
|a (MiAaPQ)EBC5607691
|
| 035 |
|
|
|a (Au-PeEL)EBL5607691
|
| 035 |
|
|
|a (OCoLC)1078563493
|
| 040 |
|
|
|a MiAaPQ
|b eng
|e rda
|e pn
|c MiAaPQ
|d MiAaPQ
|
| 100 |
1 |
|
|a Radits, Markus.
|
| 245 |
1 |
2 |
|a A Business Ecology Perspective on Community-Driven Open Source :
|b The Case of the Free and Open Source Content Management System Joomla.
|
| 250 |
|
|
|a 1st ed.
|
| 264 |
|
1 |
|a Linköping :
|b Linkopings Universitet,
|c 2018.
|
| 264 |
|
4 |
|c {copy}2019.
|
| 300 |
|
|
|a 1 online resource (453 pages)
|
| 336 |
|
|
|a text
|b txt
|2 rdacontent
|
| 337 |
|
|
|a computer
|b c
|2 rdamedia
|
| 338 |
|
|
|a online resource
|b cr
|2 rdacarrier
|
| 490 |
1 |
|
|a Linköping Studies in Science and Technology. Dissertations Series ;
|v v.1937
|
| 505 |
0 |
|
|a Intro -- Abstract -- Sammanfattning -- Preface -- Acknowledgements -- Table of contents -- List of abbreviations -- 1 Introduction -- 2 Background and literature review -- 3 Theoretical framework -- 4 Empirical context -- 5 Methodological approach and research design -- 6 A multi-stakeholder perspective on community-driven open source (Study I) -- 7 An integrative framework for open source governance (Study II) -- 8 Collective identities and governance in the context of community-driven open source (Study III) -- 9 Relationships between volunteer work and economic interests in the context of community-driven open source (Study IV) -- 10 Pricing of open source software extensions (Study V) -- 11 Bundling and versioning of open source software extensions (Study VI) -- 12 Findings and analysis -- 13 Discussion and contributions -- 14 Conclusions -- 15 Limitations -- 16 Future work -- 17 List of figures -- 18 List of tables -- 19 References -- 20 Appendices -- 21 Web links.
|
| 588 |
|
|
|a Description based on publisher supplied metadata and other sources.
|
| 590 |
|
|
|a Electronic reproduction. Ann Arbor, Michigan : ProQuest Ebook Central, 2024. Available via World Wide Web. Access may be limited to ProQuest Ebook Central affiliated libraries.
|
| 655 |
|
4 |
|a Electronic books.
|
| 776 |
0 |
8 |
|i Print version:
|a Radits, Markus
|t A Business Ecology Perspective on Community-Driven Open Source
|d Linköping : Linkopings Universitet,c2018
|
| 797 |
2 |
|
|a ProQuest (Firm)
|
| 830 |
|
0 |
|a Linköping Studies in Science and Technology. Dissertations Series
|
| 856 |
4 |
0 |
|u https://ebookcentral.proquest.com/lib/matrademy/detail.action?docID=5607691
|z Click to View
|